| 000 | 00886nam1a2200265 i 4500 | ||
|---|---|---|---|
| 001 | RU\NLR\ONL2\29749 | ||
| 005 | 20260406141527.0 | ||
| 035 | _a(NLR Aleph) 010216702 | ||
| 090 |
_a10301530 _c10301530 |
||
| 100 | _a20140123d1940 u||y0rusy50 ca | ||
| 101 | 1 |
_asah _brus _cfre |
|
| 102 | _aRU | ||
| 105 | _aa ||||||||| | ||
| 200 | 1 |
_aКистеленнеех арыы _fЖюль Верн _g[пер. И. Г. Слепцова] |
|
| 210 |
_aЯкутскай _cСАССР Госиздата _d1940 |
||
| 215 | _d21 | ||
| 541 | 1 |
_aТаинственный остров _e[роман] _zrus |
|
| 686 | 1 | _aШ6(2=Я)-92(4Фр)-4 | |
| 700 | 1 |
_7ca _8rus _aВерн _bЖ. _f1828-1905 _gЖюль _9113449 _3RU\NLR\auth\773453 |
|
| 801 | 0 |
_aRU _bNLR _c20140123 _gPSBO |
|
| 852 |
_aNLR _bОНЛ _jЯкут./3-153 |
||
| 942 | _cBOOK | ||
| 980 | _aONL_RF | ||